000 00587nam a2200205 i 4500
001 34650
003 ES-MaACL
005 20250808040851.0
007 t|
008 030207s1982 sp ||||1| spa d
100 1 _aBlunt, Anthony.
_929603
245 1 0 _aBorromini /
_cAnthony Blunt ; versión de Fernando Villaverde.
260 _a[Madrid] :
_bAlianza,
_c[1982]
300 _a259 p. :
_bil. ;
_c23 cm.
490 1 _aAlianza forma
700 1 _aVillaverde, Fernando.
_9115175
830 0 0 _aAlianza forma
_9177869
852 _aES-MaACL
_jL-2457
_bR.103281
999 _c34650
_d34650